[Event "Memorial Armando Rizzoni"]
[Site "Campinas"]
[Date "2009.05.04"]
[Round "1"]
[White "Oliveira, Silvio Eduardo"]
[Black "Leitao, Rafael"]
[Result "0-1"]
[WhiteElo "2360"]
[BlackElo "2590"]
[PlyCount "52"]
[EventDate "2009.05.13"]
[SourceDate "2009.05.04"]

1. e4 e6 2. d4 d5 3. Nc3 Bb4 4. e5 c5 5. a3 Bxc3+ 6. bxc3 Ne7 7. Qg4 Qc7 8.
Qxg7 Rg8 9. Qxh7 cxd4 10. Ne2 Nbc6 11. f4 dxc3 12. Qd3 Bd7 13. Nxc3 a6 14. Ne2
Rc8 15. Rb1 Na7 16. Nd4 Nb5 17. Bd2 Qc5 18. Nxb5 Bxb5 19. Rxb5 axb5 20. Qxb5+
Qxb5 21. Bxb5+ Kf8 22. g3 Rxc2 23. Bd3 Ra2 24. Ke2 Nc6 25. Rb1 Rh8 26. h4 Rg8
0-1

[Event "Memorial Armando Rizzoni"]
[Site "Campinas"]
[Date "2009.05.04"]
[Round "1"]
[White "Saldano Dayer, Horacio"]
[Black "Fier, Alexandr"]
[Result "0-1"]
[WhiteElo "2449"]
[BlackElo "2595"]
[PlyCount "88"]
[EventDate "2009.05.13"]
[SourceDate "2009.05.04"]

1. Nf3 Nf6 2. c4 e6 3. Nc3 d5 4. d4 c6 5. e3 Nbd7 6. Qc2 Bd6 7. Bd3 dxc4 8.
Bxc4 b5 9. Bd3 Bb7 10. O-O O-O 11. a3 a5 12. e4 e5 13. dxe5 Nxe5 14. Nxe5 Bxe5
15. h3 b4 16. axb4 axb4 17. Rxa8 Bxa8 18. Na4 Bd4 19. b3 c5 20. Bb2 Bxb2 21.
Nxb2 Qd4 22. Re1 Re8 23. Na4 g6 24. Rc1 Bxe4 25. Bxe4 Nxe4 26. Re1 Re6 27. Rd1
Qe5 28. Re1 Qf5 29. Re3 Qd5 30. Rd3 Qe5 31. Re3 Qd4 32. Rd3 Qe5 33. Re3 Qd5 34.
Rd3 Qf5 35. Re3 Re5 36. Qe2 f6 37. Qc4+ Kg7 38. Qc2 Qf4 39. Qe2 Nc3 40. Rxe5
Nxe2+ 41. Rxe2 Qd4 42. Re7+ Kh6 43. g3 c4 44. bxc4 Qd1+ 0-1

[Event "Memorial Armando Rizzoni"]
[Site "Campinas"]
[Date "2009.05.04"]
[Round "1"]
[White "De Nucci, Gilberto"]
[Black "Barreto Filho, Carlos Alberto"]
[Result "1/2-1/2"]
[WhiteElo "2060"]
[BlackElo "2273"]
[PlyCount "69"]
[EventDate "2009.05.13"]
[SourceDate "2009.05.04"]

1. e4 c5 2. Nf3 d6 3. d4 cxd4 4. Nxd4 Nf6 5. Nc3 Nc6 6. Bg5 e6 7. Qd2 a6 8.
O-O-O h6 9. Be3 Qc7 10. f3 Bd7 11. g4 Ne5 12. Rg1 b5 13. a3 Rb8 14. h4 Nc4 15.
Bxc4 bxc4 16. Qe2 g6 17. g5 hxg5 18. hxg5 Nh5 19. f4 Bg7 20. f5 Be5 21. Qf2 Qb7
22. Kd2 Ke7 23. f6+ Kd8 24. Rb1 Qc7 25. b3 cxb3 26. Rxb3 Rxb3 27. cxb3 Qb7 28.
b4 Bc6 29. Nxc6+ Qxc6 30. Rc1 Nxf6 31. gxf6 Rh2 32. Ne2 Qxc1+ 33. Nxc1 Rxf2+
34. Bxf2 Bxf6 35. Nb3 1/2-1/2

[Event "Memorial Armando Rizzoni"]
[Site "Campinas"]
[Date "2009.05.04"]
[Round "1"]
[White "El Debs, Felipe de Cresce"]
[Black "Name, Gabriel Ricardo S"]
[Result "1-0"]
[WhiteElo "2465"]
[BlackElo "2239"]
[PlyCount "99"]
[EventDate "2009.05.13"]
[SourceDate "2009.05.04"]

1. Nf3 Nf6 2. c4 c5 3. Nc3 b6 4. g3 Bb7 5. Bg2 d6 6. O-O Nbd7 7. d4 cxd4 8.
Qxd4 Rc8 9. Rd1 Qc7 10. b3 Qb8 11. Bb2 e6 12. Ng5 Bxg2 13. Kxg2 Nc5 14. b4 h6
15. Nxf7 Kxf7 16. bxc5 bxc5 17. Qd2 Qb4 18. Rab1 Qxc4 19. Ba1 Qa6 20. e4 Be7
21. Nb5 Rb8 22. Bxf6 gxf6 23. Qe2 Kf8 24. Qc4 Rb6 25. a4 Kf7 26. f4 Re8 27. f5
Bf8 28. fxe6+ Kg7 29. Qe2 Qxa4 30. Nc7 Reb8 31. Rxb6 Rxb6 32. Nd5 Kh8 33. e7
Bxe7 34. Nxe7 Qe8 35. Nd5 Rb8 36. Rd2 Qe5 37. Qf3 Kg7 38. Qg4+ Kf7 39. Qd7+ Kf8
40. Kh3 Qh5+ 41. Kg2 Qe5 42. Nf4 Qxe4+ 43. Kh3 Re8 44. Re2 Qxe2 45. Nxe2 Rxe2
46. Qxd6+ Kf7 47. Qxc5 Re7 48. Qc4+ Kg7 49. Kg4 Kg6 50. Qg8+ 1-0

[Event "Memorial Armando Rizzoni"]
[Site "Campinas"]
[Date "2009.05.04"]
[Round "1"]
[White "Fusco, Leonardo"]
[Black "Santos, Marcus Vinicius M"]
[Result "1-0"]
[WhiteElo "2405"]
[BlackElo "2399"]
[PlyCount "67"]
[EventDate "2009.05.13"]
[SourceDate "2009.05.04"]

1. e4 e5 2. Nf3 Nc6 3. Bb5 f5 4. d3 fxe4 5. dxe4 Nf6 6. O-O Bc5 7. Bxc6 bxc6 8.
Nxe5 O-O 9. Bg5 Qe8 10. Bxf6 Rxf6 11. Nd3 Bb6 12. Nd2 Ba6 13. c4 d5 14. Qa4
dxc4 15. Nxc4 Bb5 16. Qb3 Kh8 17. Nxb6 axb6 18. a4 Ba6 19. Rfe1 c5 20. Qc2 Rd8
21. Rad1 Rd4 22. f3 h6 23. b3 Qe6 24. Nf2 Qd7 25. e5 Rc6 26. f4 Qd5 27. f5 Bb7
28. Ng4 c4 29. f6 cxb3 30. Qg6 Qxg2+ 31. Kxg2 Rxf6+ 32. Kh3 Rxg6 33. Rxd4 c5
34. Rd6 1-0

[Event "Memorial Armando Rizzoni"]
[Site "Campinas"]
[Date "2009.05.05"]
[Round "2"]
[White "Rodriguez, Andres"]
[Black "Oliveira, Silvio Eduardo"]
[Result "0-1"]
[WhiteElo "2524"]
[BlackElo "2360"]
[PlyCount "84"]
[EventDate "2009.05.13"]
[SourceDate "2009.05.04"]

1. e4 c5 2. Nf3 Nc6 3. d4 cxd4 4. Nxd4 Nf6 5. Nc3 d6 6. Be3 Ng4 7. Bb5 Nxe3 8.
fxe3 Bd7 9. O-O e6 10. Bxc6 bxc6 11. e5 Be7 12. exd6 Bxd6 13. Qh5 O-O 14. Ne4
Be7 15. Rad1 Qb6 16. Rf3 Qxb2 17. Rh3 h6 18. Rg3 Qb8 19. Ne2 Be8 20. Nf4 Kh7
21. Qa5 Qb2 22. Rh3 Rg8 23. Rf1 Qb6 24. Qe5 Rd8 25. c4 Qb8 26. Qc3 f5 27. Ng3
Bf7 28. e4 Bg5 29. Nge2 Bf6 30. Rxh6+ gxh6 31. Qxf6 Rdf8 32. Ng3 Bg6 33. Qxe6
fxe4 34. Nxe4 Rxf4 35. Rxf4 Qxf4 36. Nf6+ Kg7 37. Nxg8 Qd4+ 38. Kf1 Bf7 39.
Qxh6+ Kxg8 40. Qxc6 Bxc4+ 41. Ke1 Qe3+ 42. Kd1 Qd3+ 0-1

[Event "Memorial Armando Rizzoni"]
[Site "Campinas"]
[Date "2009.05.05"]
[Round "2"]
[White "Name, Gabriel Ricardo S"]
[Black "Fusco, Leonardo"]
[Result "0-1"]
[WhiteElo "2239"]
[BlackElo "2405"]
[PlyCount "120"]
[EventDate "2009.05.13"]
[SourceDate "2009.05.04"]

1. c4 Nf6 2. Nf3 g6 3. Nc3 Bg7 4. d4 d5 5. Bg5 Ne4 6. cxd5 Nxg5 7. Nxg5 e6 8.
Nf3 exd5 9. e3 a5 10. Be2 O-O 11. O-O Re8 12. a3 Bf8 13. Rb1 c6 14. h3 Bf5 15.
Rc1 Nd7 16. Re1 Bd6 17. Bd3 Bxd3 18. Qxd3 Nf6 19. Nd2 Bc7 20. Nf1 a4 21. Red1
Ne4 22. Ne2 Qh4 23. f3 Nf2 24. Qc2 Nxd1 25. Rxd1 Re6 26. Nc3 Qe7 27. e4 dxe4
28. fxe4 Ba5 29. Qxa4 b5 30. Qc2 Bxc3 31. Qxc3 Rxe4 32. Qxc6 Rd8 33. Qxb5 Rexd4
34. Rc1 Rd1 35. Rc3 Qa7+ 36. Kh2 Re1 37. Rf3 Qc7+ 38. Kg1 Rb8 39. Qd5 Rxb2 40.
Qd4 Qb6 41. Qxb6 Rxb6 42. Kf2 Ra1 43. Nd2 Ra2 44. Rd3 Ra6 45. Rd8+ Kg7 46. Kg3
R6xa3+ 47. Nf3 Re2 48. Rd1 Raa2 49. Rg1 f5 50. Ne1 Ra1 51. Nf3 Rxg1 52. Nxg1
Ra2 53. h4 Kf6 54. Nf3 h6 55. Nd4 Ra3+ 56. Kf2 Ra4 57. Nf3 g5 58. g3 g4 59. Ne1
Ra3 60. Ng2 Rf3+ 0-1

[Event "Memorial Armando Rizzoni"]
[Site "Campinas"]
[Date "2009.05.05"]
[Round "2"]
[White "Barreto Filho, Carlos Alberto"]
[Black "El Debs, Felipe de Cresce"]
[Result "1/2-1/2"]
[WhiteElo "2273"]
[BlackElo "2465"]
[PlyCount "20"]
[EventDate "2009.05.13"]
[SourceDate "2009.05.04"]

1. e4 c5 2. Nf3 e6 3. d4 cxd4 4. Nxd4 Nc6 5. Nc3 Qc7 6. Be3 Nf6 7. Ndb5 Qa5 8.
Bd2 Qb6 9. Be3 Qa5 10. Bd2 Qb6 1/2-1/2

[Event "Memorial Armando Rizzoni"]
[Site "Campinas"]
[Date "2009.05.05"]
[Round "2"]
[White "Fier, Alexandr"]
[Black "De Nucci, Gilberto"]
[Result "1-0"]
[WhiteElo "2595"]
[BlackElo "2060"]
[PlyCount "123"]
[EventDate "2009.05.13"]
[SourceDate "2009.05.04"]

1. d4 Nf6 2. c4 c5 3. d5 e5 4. Nc3 d6 5. g3 g6 6. Bg2 Bg7 7. e4 Nbd7 8. Nf3 a6
9. O-O Rb8 10. a4 b6 11. Ne1 O-O 12. f4 exf4 13. gxf4 Ne8 14. Nd3 Nc7 15. Be3
Re8 16. Bf2 b5 17. axb5 axb5 18. cxb5 Nxb5 19. Nxb5 Rxb5 20. Qc2 Nf6 21. Qc4
Ra5 22. Bh4 Ba6 23. Qc2 Qb6 24. Rae1 Ng4 25. Kh1 Bd4 26. Qd2 c4 27. Nb4 c3 28.
bxc3 Bxf1 29. Rxf1 Ne3 30. cxd4 Nxf1 31. Bxf1 Rxe4 32. Bf2 Ra1 33. Kg2 Re8 34.
Qc3 Rea8 35. f5 Kg7 36. Qd2 f6 37. fxg6 hxg6 38. Bd3 Rb8 39. Nc2 Ra2 40. Qf4
Qc7 41. Qg3 Qf7 42. Qxd6 Rbb2 43. Qc6 Qb7 44. Qc5 Rb3 45. Qc4 Rbb2 46. Kf3 Ra5
47. Ne3 Qd7 48. Bg3 Ra3 49. d6 Rb7 50. Bc2 Qe8 51. Bf2 Rd7 52. Qc5 Qa8+ 53. Be4
Qa5 54. Qxa5 Rxa5 55. Bg3 f5 56. Bc6 Rd8 57. Nc4 Ra6 58. Bb5 Ra1 59. Bh4 Rb8
60. d7 Rb1 61. Ba6 R8b3+ 62. Kg2 1-0

[Event "Memorial Armando Rizzoni"]
[Site "Campinas"]
[Date "2009.05.06"]
[Round "3"]
[White "Saldano Dayer, Horacio"]
[Black "Rodriguez, Andres"]
[Result "0-1"]
[WhiteElo "2449"]
[BlackElo "2524"]
[PlyCount "104"]
[EventDate "2009.05.13"]
[SourceDate "2009.05.04"]

1. e4 e6 2. d4 d5 3. e5 c5 4. c3 Bd7 5. Nf3 Qb6 6. Be2 Nc6 7. O-O Nh6 8. b3
cxd4 9. cxd4 Nf5 10. Bb2 Be7 11. Qd2 a5 12. g4 Nh4 13. Nxh4 Bxh4 14. f4 a4 15.
Na3 Be7 16. Qe3 Bxa3 17. Bxa3 Qxd4 18. Kf2 f6 19. Bc5 Qxe3+ 20. Kxe3 axb3 21.
axb3 Rxa1 22. Rxa1 Kf7 23. Bd6 fxe5 24. fxe5 Rc8 25. b4 Kg8 26. Bd3 Be8 27. b5
Nd8 28. Ra7 Bg6 29. Bxg6 hxg6 30. Be7 Nf7 31. Bd6 b6 32. Rb7 Rc3+ 33. Kd2 d4
34. h4 Nh6 35. g5 Nf5 36. h5 Kh7 37. h6 Rg3 38. hxg7 Rxg5 39. Rxb6 Rg2+ 40. Kd3
Rg3+ 41. Kd2 Kxg7 42. Rb8 Rb3 43. Kc2 Rc3+ 44. Kb2 Ne3 45. b6 Nc4+ 46. Ka2 d3
47. b7 Rc2+ 48. Kb3 Na5+ 49. Ka4 Nc6 50. Rc8 d2 51. Rxc6 Rxc6 52. b8=Q d1=Q+
0-1

[Event "Memorial Armando Rizzoni"]
[Site "Campinas"]
[Date "2009.05.06"]
[Round "3"]
[White "De Nucci, Gilberto"]
[Black "Leitao, Rafael"]
[Result "0-1"]
[WhiteElo "2060"]
[BlackElo "2590"]
[PlyCount "54"]
[EventDate "2009.05.13"]
[SourceDate "2009.05.04"]

1. d4 Nf6 2. Nf3 e6 3. c4 c5 4. Nc3 cxd4 5. Nxd4 Bb4 6. Bd2 O-O 7. e3 Nc6 8.
Nxc6 bxc6 9. Qc2 d5 10. Be2 e5 11. cxd5 cxd5 12. a3 Be7 13. O-O Bb7 14. Rfd1
Qd7 15. Rac1 Rfd8 16. Bb5 Qe6 17. Ne2 Ne4 18. Qc7 Rab8 19. Be1 Nc5 20. Rc3 Rdc8
21. Qa5 Bd8 22. Qb4 a5 23. Qxc5 Rxc5 24. Rxc5 Bb6 25. Rcc1 d4 26. e4 Bxe4 27.
Ng3 Bxg2 0-1

[Event "Memorial Armando Rizzoni"]
[Site "Campinas"]
[Date "2009.05.06"]
[Round "3"]
[White "El Debs, Felipe de Cresce"]
[Black "Fier, Alexandr"]
[Result "1/2-1/2"]
[WhiteElo "2465"]
[BlackElo "2595"]
[PlyCount "89"]
[EventDate "2009.05.13"]
[SourceDate "2009.05.04"]

1. Nf3 Nf6 2. c4 e6 3. g3 d5 4. d4 Bb4+ 5. Bd2 Be7 6. Bg2 O-O 7. O-O Nbd7 8.
Qb3 Nb6 9. Ne5 dxc4 10. Qc3 c5 11. dxc5 Bxc5 12. e3 Nfd5 13. Qc2 Qf6 14. Nxc4
Nxc4 15. Qxc4 Qxb2 16. Nc3 Qxd2 17. Nxd5 Qa5 18. Nc7 Rb8 19. Nb5 b6 20. Rfd1
Bb7 21. Rd7 Ba6 22. a4 Bxb5 23. Qxb5 Qc3 24. Rad1 a5 25. Bf1 Qf6 26. Qc6 Rbc8
27. Rc7 Rxc7 28. Qxc7 g6 29. Bb5 h5 30. h4 Qf3 31. Rd8 Rxd8 32. Qxd8+ Kg7 33.
Qd2 Qe4 34. Qc3+ Kg8 35. Qf6 Qa8 36. Qe5 Qd8 37. Qe4 Qf6 38. Kg2 Kg7 39. Kg1
Qe7 40. Kg2 Qd6 41. Kg1 Bb4 42. Kg2 Bc3 43. Qc6 Qxc6+ 44. Bxc6 Kf6 45. Bb5
1/2-1/2

[Event "Memorial Armando Rizzoni"]
[Site "Campinas"]
[Date "2009.05.06"]
[Round "3"]
[White "Fusco, Leonardo"]
[Black "Barreto Filho, Carlos Alberto"]
[Result "1-0"]
[WhiteElo "2405"]
[BlackElo "2273"]
[PlyCount "73"]
[EventDate "2009.05.13"]
[SourceDate "2009.05.04"]

1. e4 c5 2. Nf3 d6 3. d4 cxd4 4. Nxd4 Nf6 5. Nc3 g6 6. Be3 Bg7 7. f3 O-O 8. Qd2
Nc6 9. g4 Bxg4 10. fxg4 Nxg4 11. Nb3 Nce5 12. O-O-O Rc8 13. h3 Nf3 14. Qe2 Nxe3
15. Qxe3 Bxc3 16. Qxf3 Be5 17. Kb1 Qb6 18. Qd3 Rc5 19. c3 Rc7 20. h4 Rfc8 21.
Rh3 a5 22. Qb5 Qxb5 23. Bxb5 b6 24. a4 e6 25. Rhd3 Kf8 26. Rxd6 Bxd6 27. Rxd6
Rb8 28. Kc2 e5 29. Rd5 f6 30. c4 Ke7 31. c5 Rd8 32. Rxd8 Kxd8 33. Kd3 bxc5 34.
Nxa5 Ke7 35. Nc4 Ke6 36. a5 f5 37. a6 1-0

[Event "Memorial Armando Rizzoni"]
[Site "Campinas"]
[Date "2009.05.06"]
[Round "3"]
[White "Santos, Marcus Vinicius M"]
[Black "Name, Gabriel Ricardo S"]
[Result "1-0"]
[WhiteElo "2399"]
[BlackElo "2239"]
[PlyCount "97"]
[EventDate "2009.05.13"]
[SourceDate "2009.05.04"]

1. d4 Nf6 2. Nf3 e6 3. c4 b6 4. g3 Ba6 5. Qc2 Bb4+ 6. Bd2 Bxd2+ 7. Nbxd2 d5 8.
Bg2 c6 9. O-O O-O 10. Rfe1 Nbd7 11. e4 Bb7 12. e5 Ne8 13. c5 h6 14. Bf1 Nc7 15.
b4 Qe7 16. a4 Rfc8 17. Rac1 Rab8 18. b5 Ne8 19. Nb3 Rc7 20. Re3 Rbc8 21. Rc3 f6
22. exf6 Ndxf6 23. Bd3 Ne4 24. Bxe4 dxe4 25. Nfd2 cxb5 26. axb5 Bd5 27. Nxe4
Nf6 28. Nd6 Rf8 29. Qe2 Ne8 30. Nxe8 Qxe8 31. Nd2 Rcf7 32. f3 Qd8 33. c6 Rc7
34. Qe3 Qc8 35. Qe5 Qd8 36. Ne4 Rf5 37. Qd6 Rf8 38. Qxd8 Rxd8 39. Nd2 Ra8 40.
Ra1 Re8 41. Kf2 Kf8 42. Ra6 Ke7 43. Rca3 Ra8 44. Rxb6 a5 45. Ne4 Rca7 46. Nc5
Kd6 47. Na6 Bc4 48. c7+ Kd7 49. Rb8 1-0

[Event "Memorial Armando Rizzoni"]
[Site "Campinas"]
[Date "2009.05.07"]
[Round "4"]
[White "Barreto Filho, Carlos Alberto"]
[Black "Santos, Marcus Vinicius M"]
[Result "1-0"]
[WhiteElo "2273"]
[BlackElo "2399"]
[PlyCount "97"]
[EventDate "2009.05.13"]
[SourceDate "2009.05.04"]

1. e4 c6 2. d4 d5 3. e5 c5 4. dxc5 Nc6 5. Nf3 Bg4 6. Bb5 Qa5+ 7. Nc3 e6 8. h3
Bxf3 9. Qxf3 Bxc5 10. O-O Nge7 11. Bxc6+ bxc6 12. Ne2 O-O 13. b3 f6 14. Bb2
fxe5 15. Qg4 Rae8 16. Qxe6+ Kh8 17. Qxe5 Nf5 18. Qc3 Qxc3 19. Nxc3 Ng3 20. Na4
Ne2+ 21. Kh2 Bxf2 22. Rad1 Bg3+ 23. Kh1 Bd6 24. Rxf8+ Rxf8 25. c4 Kg8 26. cxd5
cxd5 27. Nc3 Ng3+ 28. Kg1 Bc5+ 29. Kh2 Nf1+ 30. Kh1 Ne3 31. Rc1 d4 32. Na4 d3
33. Rxc5 d2 34. Nc3 Rf1+ 35. Kh2 Rc1 36. Rc8+ Kf7 37. Rd8 Rc2 38. Rd3 Nxg2 39.
Nd1 Ne1 40. Rc3 Ke6 41. Rxc2 Nxc2 42. Bxg7 Kd5 43. Bc3 Nd4 44. Kg2 Ke4 45. Bxd4
Kxd4 46. Kf2 Kd3 47. Kf3 a5 48. h4 h5 49. Kf2 1-0

[Event "Memorial Armando Rizzoni"]
[Site "Campinas"]
[Date "2009.05.07"]
[Round "4"]
[White "Fier, Alexandr"]
[Black "Fusco, Leonardo"]
[Result "1-0"]
[WhiteElo "2595"]
[BlackElo "2405"]
[PlyCount "39"]
[EventDate "2009.05.13"]
[SourceDate "2009.05.04"]

1. d4 Nf6 2. c4 g6 3. Nc3 d5 4. Bf4 Bg7 5. e3 c5 6. dxc5 Qa5 7. Rc1 Ne4 8. cxd5
Nxc3 9. Qd2 Qxa2 10. Rxc3 O-O 11. Rc1 Qxb2 12. Nf3 a5 13. Bc4 Na6 14. d6 exd6
15. Bxd6 Qxd2+ 16. Kxd2 Rd8 17. Ng5 Nxc5 18. Bxf7+ Kh8 19. Bd5 Nb3+ 20. Kc2 1-0

[Event "Memorial Armando Rizzoni"]
[Site "Campinas"]
[Date "2009.05.07"]
[Round "4"]
[White "Leitao, Rafael"]
[Black "El Debs, Felipe de Cresce"]
[Result "1-0"]
[WhiteElo "2590"]
[BlackElo "2465"]
[PlyCount "73"]
[EventDate "2009.05.13"]
[SourceDate "2009.05.04"]

1. d4 d5 2. c4 c6 3. Nf3 Nf6 4. Nc3 dxc4 5. a4 Bf5 6. e3 e6 7. Bxc4 Bb4 8. O-O
Nbd7 9. Qe2 Bg4 10. h3 Bxf3 11. Qxf3 O-O 12. Rd1 e5 13. d5 Bxc3 14. dxc6 e4 15.
Qe2 Be5 16. cxd7 Qe7 17. Bd2 Rfd8 18. Be1 Rxd7 19. Rxd7 Qxd7 20. a5 a6 21. Rd1
Qe7 22. b3 Rd8 23. Rxd8+ Qxd8 24. Qd2 Qe7 25. b4 Ne8 26. Bd5 Nd6 27. Qc2 g6 28.
b5 axb5 29. Bb4 Qd7 30. Qc5 h5 31. Bxb7 Nxb7 32. Qxe5 Qc6 33. a6 Qxa6 34. Qe8+
Kg7 35. Bc3+ Kh6 36. h4 g5 37. Qh8+ 1-0

[Event "Memorial Armando Rizzoni"]
[Site "Campinas"]
[Date "2009.05.07"]
[Round "4"]
[White "Rodriguez, Andres"]
[Black "De Nucci, Gilberto"]
[Result "1-0"]
[WhiteElo "2524"]
[BlackElo "2060"]
[PlyCount "83"]
[EventDate "2009.05.13"]
[SourceDate "2009.05.04"]

1. f4 d5 2. Nf3 Nf6 3. g3 g6 4. Bg2 Bg7 5. O-O c5 6. d3 O-O 7. Nc3 Nc6 8. e4
dxe4 9. dxe4 Qb6 10. e5 Rd8 11. Qe1 Nd5 12. Nxd5 Rxd5 13. Ng5 Rd8 14. c3 Bf5
15. Qf2 Bd3 16. Be3 Bxf1 17. Bxc5 Qc7 18. Rxf1 Rac8 19. Bxc6 bxc6 20. h4 Rd5
21. h5 Bh6 22. hxg6 hxg6 23. Ne4 Qd7 24. Kg2 Rc7 25. Re1 Rd1 26. Bxe7 Bg7 27.
Bd6 Rxe1 28. Qxe1 Rc8 29. Qe3 Qf5 30. Nf2 Bf8 31. Bxf8 Rxf8 32. Qxa7 Rd8 33.
Qe3 Qc2 34. e6 Re8 35. exf7+ Kxf7 36. Qb6 Re2 37. Kf3 Qxb2 38. Qc7+ Kf8 39.
Qd8+ Kf7 40. Nh3 Qxa2 41. Ng5+ Kg7 42. Qd7+ 1-0

[Event "Memorial Armando Rizzoni"]
[Site "Campinas"]
[Date "2009.05.07"]
[Round "4"]
[White "Chauca Murgas, Jose Luis"]
[Black "Saldano Dayer, Horacio"]
[Result "0-1"]
[WhiteElo "2098"]
[BlackElo "2449"]
[PlyCount "78"]
[EventDate "2009.05.13"]
[SourceDate "2009.05.04"]

1. d4 Nf6 2. Nf3 g6 3. g3 Bg7 4. Bg2 O-O 5. O-O d6 6. c4 Nbd7 7. Nc3 e5 8. b3
Re8 9. e3 c6 10. Bb2 Qc7 11. Rc1 Nf8 12. h3 h5 13. Re1 e4 14. Nd2 Bf5 15. Kh2
N8h7 16. Rh1 Ng5 17. Kg1 Qd7 18. Qf1 Rac8 19. a4 d5 20. Ba3 Bf8 21. Bxf8 Kxf8
22. c5 Kg7 23. Ne2 Rh8 24. Nf4 h4 25. g4 Nxg4 26. hxg4 Bxg4 27. Rh2 h3 28. Bh1
Rh4 29. f3 Bxf3 30. Bxf3 exf3 31. Qf2 Rg4+ 32. Kh1 Rg2 33. Nxg2 hxg2+ 34. Rxg2
fxg2+ 35. Qxg2 Rh8+ 36. Kg1 Qf5 37. Qg3 Rh3 38. Qf4 Qxf4 39. exf4 Ne6 0-1

[Event "Memorial Armando Rizzoni"]
[Site "Campinas"]
[Date "2009.05.08"]
[Round "5"]
[White "De Nucci, Gilberto"]
[Black "Chauca Murgas, Jose Luis"]
[Result "1/2-1/2"]
[WhiteElo "2060"]
[BlackElo "2098"]
[PlyCount "52"]
[EventDate "2009.05.13"]
[SourceDate "2009.05.04"]

1. e4 c5 2. Nf3 e6 3. d4 cxd4 4. Nxd4 a6 5. Nc3 Qc7 6. Be2 Nf6 7. O-O Be7 8.
Be3 d6 9. f4 Nc6 10. Kh1 Bd7 11. Qe1 g6 12. Qg3 h5 13. Nf3 h4 14. Qe1 b5 15. a3
h3 16. g3 Ng4 17. Bg1 f5 18. Nd4 Nf6 19. Bf3 Kf7 20. exf5 gxf5 21. Qe2 Rh6 22.
Rae1 Nxd4 23. Bxd4 Rg8 24. Kg1 d5 25. Qd3 Ne4 26. Bxe4 dxe4 1/2-1/2

[Event "Memorial Armando Rizzoni"]
[Site "Campinas"]
[Date "2009.05.08"]
[Round "5"]
[White "El Debs, Felipe de Cresce"]
[Black "Rodriguez, Andres"]
[Result "0-1"]
[WhiteElo "2465"]
[BlackElo "2524"]
[PlyCount "87"]
[EventDate "2009.05.13"]
[SourceDate "2009.05.04"]

1. d4 e6 2. Nf3 c5 3. c3 Nf6 4. e3 b6 5. Bd3 Bb7 6. Nbd2 Be7 7. Qe2 Nc6 8. a3
cxd4 9. cxd4 d5 10. b4 O-O 11. O-O a5 12. b5 Na7 13. Bb2 Ne4 14. Rac1 f6 15. a4
Qd6 16. Nb1 Rac8 17. Nfd2 Rxc1 18. Rxc1 Rc8 19. f3 Nxd2 20. Qxd2 f5 21. Rxc8+
Nxc8 22. Qc2 Qd7 23. Nc3 Nd6 24. Ne2 Kf7 25. Ba3 g6 26. h3 Bd8 27. Bc1 Bc7 28.
Bd2 Ne8 29. Be1 Qe7 30. Bg3 Bxg3 31. Nxg3 Qb4 32. Kf2 Ke7 33. Ne2 Kd7 34. g4
Nd6 35. Nf4 Nc4 36. Ne2 Nb2 37. gxf5 gxf5 38. Nf4 Kd6 39. Be2 Nxa4 40. Nxe6
Kxe6 41. Qc7 Qe7 42. Qc2 Qh4+ 43. Kg2 Qe1 44. Qc7 0-1

[Event "Memorial Armando Rizzoni"]
[Site "Campinas"]
[Date "2009.05.08"]
[Round "5"]
[White "Fusco, Leonardo"]
[Black "Leitao, Rafael"]
[Result "0-1"]
[WhiteElo "2405"]
[BlackElo "2590"]
[PlyCount "98"]
[EventDate "2009.05.13"]
[SourceDate "2009.05.04"]

1. e4 c5 2. Nf3 Nc6 3. d4 cxd4 4. Nxd4 e6 5. Nc3 a6 6. Nxc6 bxc6 7. Bd3 d5 8.
O-O Qc7 9. Re1 Bb7 10. e5 c5 11. Qg4 Ne7 12. b3 Ng6 13. Qg3 Be7 14. Bg5 Bxg5
15. Qxg5 O-O 16. Na4 f5 17. c4 d4 18. f4 Qa5 19. Re2 Bc6 20. Nb2 Qa3 21. h4 Nh8
22. Qe7 Rfe8 23. Qc7 Rac8 24. Qb6 Ng6 25. g3 Nf8 26. Na4 Bxa4 27. Qa5 Rb8 28.
Qxa4 Qxa4 29. bxa4 Rb4 30. Rb1 Rxb1+ 31. Bxb1 Rb8 32. Bd3 Rb4 33. Kf2 a5 34.
Re1 Rxa4 35. Rb1 Rxa2+ 36. Kf3 a4 37. Rb7 Rd2 38. Bb1 a3 39. Ra7 Rb2 40. Bd3 a2
41. g4 Rd2 42. Bxf5 exf5 43. gxf5 Rd3+ 44. Kf2 Rd2+ 45. Kf3 Rd3+ 46. Kf2 Rh3
47. e6 Rh1 48. e7 Kf7 49. f6 gxf6 0-1

[Event "Memorial Armando Rizzoni"]
[Site "Campinas"]
[Date "2009.05.08"]
[Round "5"]
[White "Santos, Marcus Vinicius M"]
[Black "Fier, Alexandr"]
[Result "1-0"]
[WhiteElo "2399"]
[BlackElo "2595"]
[PlyCount "107"]
[EventDate "2009.05.13"]
[SourceDate "2009.05.04"]

1. d4 d5 2. Nf3 Nf6 3. c4 c6 4. Nc3 e6 5. Bg5 h6 6. Bh4 dxc4 7. e4 g5 8. Bg3 b5
9. Ne5 Nbd7 10. Be2 Bb7 11. Nxd7 Qxd7 12. Be5 Be7 13. O-O Rg8 14. f4 g4 15. f5
O-O-O 16. a4 a6 17. Qc2 exf5 18. Rxf5 Qe6 19. axb5 cxb5 20. d5 Qb6+ 21. Kh1 Nd7
22. Bg3 f6 23. b3 cxb3 24. Qxb3 Bd6 25. Bf2 Bc5 26. Bg3 Rde8 27. Rc1 Kd8 28. d6
Be3 29. Rd1 Kc8 30. Nd5 Bxd5 31. Qxd5 Kb8 32. Rxf6 Qb7 33. Rf7 Qxd5 34. Rxd5
Kc8 35. Rd3 Rxe4 36. Rc3+ Bc5 37. Bd3 Re3 38. Bf2 Rge8 39. Bxe3 Rxe3 40. Re7
Kd8 41. Rxe3 Bxe3 42. Bf5 Bd4 43. Rc7 Nb6 44. Rc6 b4 45. d7 Ke7 46. Rd6 Kxd6
47. d8=Q+ Ke5 48. Qh8+ Kd5 49. Qg8+ Kc5 50. Bd3 a5 51. Qe8 Bc3 52. Qb5+ Kd4 53.
Bh7 Nc4 54. Bg8 1-0

[Event "Memorial Armando Rizzoni"]
[Site "Campinas"]
[Date "2009.05.08"]
[Round "5"]
[White "Name, Gabriel Ricardo S"]
[Black "Barreto Filho, Carlos Alberto"]
[Result "0-1"]
[WhiteElo "2239"]
[BlackElo "2273"]
[PlyCount "76"]
[EventDate "2009.05.13"]
[SourceDate "2009.05.04"]

1. Nf3 d5 2. d4 Nf6 3. c4 c6 4. Nbd2 a6 5. c5 Bf5 6. b4 Nbd7 7. Nb3 e6 8. Bf4
Be7 9. h3 O-O 10. e3 Qc8 11. a3 Bd8 12. Nh4 Be4 13. Be2 Bc7 14. Bxc7 Qxc7 15.
O-O g5 16. Nf3 g4 17. hxg4 Nxg4 18. g3 Nxe3 19. Qc1 Nxf1 20. Qxf1 Qd8 21. Qc1
Qf6 22. Nh2 Qg7 23. Nf1 Kh8 24. f3 Bf5 25. Kf2 e5 26. g4 Bg6 27. Qd2 f5 28. g5
f4 29. dxe5 Qxe5 30. Nh2 Qxg5 31. Ng4 Qh4+ 32. Kg2 Nf6 33. Qd4 Kg8 34. Nh2 Rae8
35. Qd2 Qg3+ 36. Kh1 Qf2 37. Nd4 Nh5 38. Nf1 Ng3+ 0-1

[Event "Memorial Armando Rizzoni"]
[Site "Campinas"]
[Date "2009.05.09"]
[Round "6"]
[White "Fier, Alexandr"]
[Black "Name, Gabriel Ricardo S"]
[Result "1-0"]
[WhiteElo "2595"]
[BlackElo "2239"]
[PlyCount "53"]
[EventDate "2009.05.13"]
[SourceDate "2009.05.04"]

1. d4 c5 2. e4 cxd4 3. Nf3 e5 4. c3 dxc3 5. Nxc3 d6 6. Bc4 Be6 7. Bxe6 fxe6 8.
Qb3 Nc6 9. Qxe6+ Qe7 10. Qb3 Nf6 11. O-O Qf7 12. Qb5 a6 13. Qb6 Nd8 14. Bg5 Nd7
15. Qe3 Ne6 16. Nd5 h6 17. Bh4 g5 18. Bg3 Bg7 19. h4 Qg6 20. Rac1 Ndc5 21. Rfd1
Nd7 22. Nd2 Kf7 23. Qf3+ Bf6 24. h5 Qg7 25. Nc4 Qf8 26. Qf5 Rg8 27. Bxe5 1-0

[Event "Memorial Armando Rizzoni"]
[Site "Campinas"]
[Date "2009.05.09"]
[Round "6"]
[White "Leitao, Rafael"]
[Black "Santos, Marcus Vinicius M"]
[Result "1-0"]
[WhiteElo "2590"]
[BlackElo "2399"]
[PlyCount "87"]
[EventDate "2009.05.13"]
[SourceDate "2009.05.04"]

1. d4 d5 2. c4 c6 3. Nf3 Nf6 4. Nc3 dxc4 5. a4 Bf5 6. e3 e6 7. Bxc4 Bb4 8. O-O
O-O 9. Qe2 Bg4 10. h3 Bh5 11. Rd1 Nbd7 12. e4 Qe7 13. g4 Bg6 14. Nh4 e5 15. g5
Nh5 16. Nf5 Bxf5 17. exf5 g6 18. f6 Qe8 19. Be3 Nb6 20. Bb3 Bxc3 21. bxc3 Nd5
22. Bxd5 cxd5 23. Rab1 Qxa4 24. dxe5 Qe4 25. Qd3 Qxe5 26. Qxd5 Qxc3 27. Rxb7
Rae8 28. Qc5 Qe5 29. Qxe5 Rxe5 30. Rxa7 h6 31. h4 Ng3 32. Re7 Rxe3 33. fxe3 Nf5
34. Re4 Ng3 35. Rg4 Nf5 36. Kf2 h5 37. Rf4 Ra8 38. Rd2 Ra3 39. Re4 Ra8 40. Rb4
Ra3 41. Rb8+ Kh7 42. Rdd8 Ra2+ 43. Ke1 Ra1+ 44. Kd2 1-0